Geografía por letra - S - Estadísticas

Estadísticas generales
  • Esta prueba ha sido intentada 8.322 veces
  • La puntuación promedio es 14 de 22
Estadísticas de respuestas
Pista Respuesta % Correcto
El desierto no polar más grande del mundo Sahara
97%
Español, en inglés Spanish
96%
Capital de Corea del Sur Seúl
94%
Los anfitriones de la Copa Mundial de la FIFA 2010 Sudáfrica
93%
Estilo musical brasileño Samba
85%
El río que fluye a través de París Sena
85%
País del Cuerno de África Somalia
84%
Su capital es Dakar Senegal
82%
País asiático con forma de lágrima Sri Lanka
77%
La ciudad más grande de Sudamérica São Paulo
73%
Las vastas regiones orientales de Rusia Siberia
73%
La isla más grande del Mar Mediterráneo Sicilia
71%
Canal que conecta el Mar Mediterráneo y el Mar Rojo Suez
70%
Capital de Macedonia del Norte Skopie
63%
Capital de Puerto Rico San Juan
60%
La rica ciudad-Estado conocida por los castigos corporales Singapur
59%
Ciudad importante en la Revolución Industrial en Cataluña Sabadell
47%
Gran isla del oeste de Indonesia Sumatra
40%
Uno de los dos tipos principales de musulmanes Sunitas
35%
El antiguo nombre de la Ciudad Ho Chi Minh Saigón
28%
Sitio del Álamo San Antonio
17%
La provincia del suroeste de China es conocida por su cocina picante Sichuan
15%
No se encontraron pruebas coincidentes
Distribución de puntuación
Porcentaje de gente con cada puntuación
Porcentaje por número respondido
Historial de tus puntuaciones
No has intentado esta prueba.